000 00374nam a22001457a 4500
020 _a81-7826-325-4
082 _a823
_bROH/G
245 _aGOLDILOCKS AND THE THREE BEARS
_bSHORT STORY
246 _aGOLDILOCKS AND THE THREE BEARS
_bSHORT STORY
250 _a2003
260 _aDELHI
_bROHAN BOOK COMPANY
_c2003
300 _a224
520 _aCHILDRENS SHORT STORY
942 _cBK
999 _c291
_d291